000 00329nam a2200133Ia 4500
005 20251222143254.0
008 251222s9999||||xx |||||||||||||| ||spa||
020 _a84-494-1467-9
082 _a818.36/P73
100 _aPoe, Edgar Allan
245 0 _aLa CaĆ­da de la Casa Usher y otros Cuentos
264 _bLosada
942 _cLIB
999 _c15078
_d15078